El principio de congruencia en el derecho tributario (Registro nro. 19746)

Detalles MARC
000 -LEADER
fixed length control field 00332 a2200109 4500
001 - CONTROL NUMBER
control field ART_38296
005 - DATE AND TIME OF LATEST TRANSACTION
control field 20260410161752.0
008 - FIXED-LENGTH DATA ELEMENTS--GENERAL INFORMATION
fixed length control field 260409a
100 1# - MAIN ENTRY--PERSONAL NAME
Personal name Sequeira, Marcos A.
245 10 - TITLE STATEMENT
Title El principio de congruencia en el derecho tributario
773 0# - HOST ITEM ENTRY
Title Doctrina tributaria
Related parts - Nº 410 (mayo 2014)
Record control number REV4296

No hay ítems disponibles.